| 000 | 00443nam a2200193Ia 4500 | ||
|---|---|---|---|
| 003 | OSt | ||
| 005 | 20240724170608.0 | ||
| 008 | 240719s9999 xx 000 0 und d | ||
| 040 | _cy | ||
| 041 | _aeng | ||
| 082 | _a658.3 AUG | ||
| 100 | _aAguinis, Herma | ||
| 245 | _aPeformance Management | ||
| 250 | _a4th | ||
| 260 |
_aChicago _bSage Pub _c2019 |
||
| 300 | _a381;. P. 23 Cm | ||
| 520 | _aLRC Dr. Saleena Khan | ||
| 942 |
_2ddc _cBK _n1 |
||
| 999 |
_c41495 _d41495 |
||